Fifty lessons for the voice
Gespeichert in:
| 1. Verfasser: | |
|---|---|
| Format: | Buch |
| Veröffentlicht: |
New Yort
G.Schirmer, Inc
|
| Schlagworte: | |
| Tags: |
Tag hinzufügen
Keine Tags, Fügen Sie den ersten Tag hinzu!
|
| Thư viện lưu trữ: | Trung tâm Học liệu Lê Vũ Hùng, Trường Đại học Đồng Tháp |
|---|
| LEADER | 00624pam a22002178a 4500 | ||
|---|---|---|---|
| 001 | 00039520 | ||
| 005 | 20171026081025.0 | ||
| 008 | 170519s ||||||Viesd | ||
| 041 | 0 | # | |a Vie |
| 082 | 1 | 4 | |a 428 |b F300L |
| 100 | 1 | # | |a G.Concone |
| 245 | 1 | 0 | |a Fifty lessons for the voice |c G.Concone |
| 260 | # | # | |a New Yort |b G.Schirmer, Inc |
| 300 | # | # | |a 88 tr. |c 29cm |
| 653 | # | # | |a voice |a Fifty |
| 852 | # | # | |b Kho mượn |j KM.0021940 |
| 852 | # | # | |b Kho đọc |j KD.0020892 |
| 852 | # | # | |j KD.0020892 |j KM.0021940 |
| 910 | |d 19/05/2017 | ||
| 980 | # | # | |a Trung tâm Học liệu Lê Vũ Hùng, Trường Đại học Đồng Tháp |